Same Mistakes - One Direction - All Lyrics - Statistics

General Stats
  • This quiz has been taken 48 times
  • The average score is 302 of 338
Answer Stats
Answer % Correct
all
100%
mis—
100%
mistakes
100%
mistakes)
100%
same
100%
Same
100%
same)
100%
the
100%
(The
100%
to
100%
We
100%
we
100%
we're
100%
were
100%
We're
100%
where
100%
And
97%
and
97%
change
97%
change)
97%
in
97%
it
97%
make
97%
Make
97%
be
94%
But
94%
but
94%
for
94%
going
94%
got
94%
making
94%
that
94%
(That
94%
then
94%
us
94%
us,
94%
yeah
94%
Yeah,
94%
yeah,
94%
been
91%
Circles,
91%
circles,
91%
Closer,
91%
closer,
91%
is
91%
is)
91%
it's
91%
nothing
91%
nothing's
91%
So
91%
take,
91%
take
91%
we'll
91%
When
91%
(When,
91%
(When
91%
can
88%
Don't
88%
don't
88%
everything
88%
know
88%
look
88%
maybe
88%
Maybe
88%
more
88%
more,
88%
that's
88%
there's
88%
(There's
88%
time
88%
up
88%
up,
88%
wait,
88%
wait
88%
we've
88%
will
88%
you
88%
again
84%
end
84%
granted
84%
if
84%
old
84%
play,
84%
play
84%
behind
81%
crazy
81%
(Crazy
81%
falling
81%
games
81%
makes
81%
okay
81%
okay)
81%
what
81%
back
78%
before
78%
before,
78%
broke
78%
discover
78%
fix
78%
fix)
78%
minds
78%
need
78%
out
78%
pray,
78%
pray
78%
takes
78%
Think
78%
this,
78%
this
78%
you're
78%
gonna
75%
our
75%
both
72%
Gotta
72%
Or
72%
something
72%
Wake
72%
wake
72%
wrong
72%
each
69%
Find
69%
looking
69%
only
69%
other
69%
say
69%
than
69%
through
69%
While
69%
without
69%
blamin'
66%
dizzy's
66%
stronger
66%
else
63%
how
63%
went
59%
face
56%
learning
50%
No matching quizzes found
Score Distribution
Percent of People with Each Score
Percentile by Number Answered
Your Score History
You have not taken this quiz